Statistics for 50 WPM Potato Test

Click here to take the quiz!

General Stats

  • This quiz has been taken 337 times
  • The average score is 24 of 25

Answer Stats

Type Potato% Correct
Potato
100%
Potato
99%
Potato
99%
Potato
99%
Potato
99%
Potato
98%
Potato
98%
Potato
98%
Potato
98%
Potato
98%
Potato
98%
Potato
98%
Potato
98%
Potato
97%
Potato
97%
Potato
97%
Potato
97%
Potato
97%
Potato
97%
Potato
96%
Potato
96%
Potato
95%
Potato
94%
Potato
93%
Potato
91%

Score Distribution

Percentile by Number Answered

Percent of People with Each Score

Your Score History

You have not taken this quiz